<?xml version="1.0" encoding="UTF-8"?>
<marc:record xmlns:marc="http://www.loc.gov/MARC21/slim">
   <marc:leader>00000nam a2200000 a 4500</marc:leader>
   <marc:datafield ind1="1" ind2=" " tag="100">
      <marc:subfield code="a">Hustvedt, Siri</marc:subfield>
      <marc:subfield code="4">aut</marc:subfield>
      <marc:subfield code="e">Verfasser/-in</marc:subfield>
   </marc:datafield>
   <marc:datafield ind1="0" ind2="0" tag="245">
      <marc:subfield code="a">Die Leiden eines Amerikaners</marc:subfield>
   </marc:datafield>
   <marc:datafield ind1="0" ind2="0" tag="245">
      <marc:subfield code="b">Roman</marc:subfield>
   </marc:datafield>
   <marc:datafield ind1=" " ind2="1" tag="264">
      <marc:subfield code="b">Rowohlt</marc:subfield>
      <marc:subfield code="c">2008</marc:subfield>
   </marc:datafield>
   <marc:datafield ind1="1" ind2=" " tag="520">
      <marc:subfield code="a">Brooklyn, 2004: Der Psychiater Erik Davidsen erzählt von einem bewegten Jahr in seinem Leben. Es scheint ein "Jahr der Geheimnisse", das Jahr, in dem sein Vater stirbt und in seinem Nachlass Briefe gefunden werden, die auf ein dramatisches Ereignis in seiner Jugend hindeuten; das Jahr, in dem eine betörend schöne Jamaikanerin in Eriks Haus einzieht, die jedoch etwas zu verbergen scheint; das Jahr schließlich, in dem seine Schwester von einer Unbekannten verfolgt und belästigt wird...</marc:subfield>
   </marc:datafield>
   <marc:datafield ind1="3" ind2=" " tag="024">
      <marc:subfield code="a">9783498029852</marc:subfield>
   </marc:datafield>
</marc:record>
